01072cam a22003494i 4500003000900000005001700009008004100026020001500067035002700082040003300109082001900142100003400161245005400195264005100249300008100300336002100381337002500402338002300427505012000450526001000570526001000580526001000590526001000600526000800610526000800618526000800626526000800634526000800642526000800650526000800658650005600666PE-LiUPU20250731173057.0150623s1999    maua    r     000 0 eng d  a1565635221  a(Sirsi) i9781565635227  aPE-LiUPUbspacPE-LiUPUerda04a270.1bG692211 aGonzáles, Justo L.,eautor.14aThe story of christianity /cJusto L. Gonzáles. 1aPeabody, Massachusetts :bPrince Press,c1999.  a414 páginas :bilustraciones, gráficos, fotos, mapas ;c24 centímetros  atext2rdacontent  aunmediated2rdamedia  avolume2rdacarrier0 aThe early church -- The imperial church -- Medieval christianity -- The beginnins of colonial christianity -- Maps.  aSEG42  aSEG41  aSEG40  aSEG39  aP94  aP87  aP86  aP85  aP77  aP76  aP3504aIglesiaxHistoriayPeríodo primitivo, cA. 30-600.